| 000 | 00986cab a2200289 4500 | ||
|---|---|---|---|
| 001 | ABS39360 | ||
| 008 | 090401t1988 xxu||||| |||| 00| 0 eng d | ||
| 035 | _a(Sirsi) u16137 | ||
| 041 | _aeng | ||
| 100 | _aMillichap, D. | ||
| 245 | _aMaking sure enforcement sticks | ||
| 260 | _c1988 | ||
| 350 | _a0 | ||
| 490 |
_aPlanning (for the Natural and Built Environment) _v(771) 3 June 1988, 10-11(2) |
||
| 520 | _aDescribes options open to local authorities for dealing with building owners who do not comply with enforcement notices . | ||
| 650 | _aCOMPENSATION | ||
| 650 | _aLISTED BUILDINGS | ||
| 650 | _aLOCAL GOVERNMENT ACT 1972 S222 | ||
| 650 | _aLOCAL GOVERNMENT MISCELLANEOUS PROVISIONS ACT 1982 | ||
| 650 | _aSTOP NOTICES | ||
| 650 | _aTOWN AND COUNTRY PLANNING ACT 1971 S177 | ||
| 650 | _aTOWN AND COUNTRY PLANNING ACT 1971 S22 | ||
| 650 | _aTOWN AND COUNTRY PLANNING ACT 1971 S52 | ||
| 690 | _aPLANNING LAW AND PRACTICE | ||
| 942 | _n0 | ||
| 948 | _c04/03/1997 | ||
| 999 |
_c10610 _d10610 |
||